[Event "World Blitz 2025"]
[Site "Doha QAT"]
[Date "2025.12.30"]
[Round "17.64"]
[White "Drygalov, Sergey"]
[Black "Makhnev, Denis"]
[Result "0-1"]
[WhiteTitle "GM"]
[BlackTitle "GM"]
[WhiteElo "2571"]
[BlackElo "2532"]
[WhiteFideId "24171743"]
[BlackFideId "13707647"]
[EventDate "2025.12.29"]

1. d4 Nf6 2. c4 e6 3. Nf3 d5 4. Nc3 h6 5. Bf4 Bd6 6. Bxd6 Qxd6 7. e3 O-O 8. Rc1
a6 9. cxd5 exd5 10. Bd3 Bg4 11. h3 Bxf3 12. Qxf3 Re8 13. O-O c6 14. Ne2 Ne4 15.
Qf4 Qxf4 16. Nxf4 Nd6 17. Rfe1 Nd7 18. f3 Nf6 19. Kf2 a5 20. g4 g5 21. Ne2 a4
22. Ng3 Rad8 23. Rh1 Re6 24. h4 Rde8 25. Rce1 b5 26. Re2 Kf8 27. hxg5 hxg5 28.
Rh8+ Ke7 29. Rxe8+ Kxe8 30. Rc2 Kd7 31. Nf5 Kc7 32. b3 axb3 33. axb3 Kb7 34. Rc1
Nfe8 35. Rh1 Nxf5 36. gxf5 Re7 37. e4 dxe4 38. fxe4 f6 39. Re1 Rd7 40. Ke3 Re7
41. Kd2 Rd7 42. Kc3 b4+ 43. Kc4 Nc7 44. e5 Nb5 45. Re4 fxe5 46. dxe5 Kb6 47. e6
Rd6 48. e7 c5 0-1

[Event "World Blitz 2025"]
[Site "Doha QAT"]
[Date "2025.12.30"]
[Round "17.65"]
[White "Chasin, Nico"]
[Black "Henriquez Villagra, Cristobal"]
[Result "0-1"]
[WhiteTitle "IM"]
[BlackTitle "GM"]
[WhiteElo "2517"]
[BlackElo "2598"]
[WhiteFideId "30908477"]
[BlackFideId "3409350"]
[EventDate "2025.12.29"]

1. d4 Nf6 2. c4 g6 3. Nc3 Bg7 4. e4 O-O 5. Be2 d6 6. Be3 Na6 7. h4 h5 8. f3 c5
9. d5 e6 10. Nh3 exd5 11. cxd5 Bxh3 12. Rxh3 Nc7 13. a4 a6 14. Kf2 Re8 15. Qd2
Rb8 16. a5 b5 17. axb6 Rxb6 18. Rhh1 Rb4 19. Bg5 Qb8 20. Rhb1 Nb5 21. Nxb5 axb5
22. Kf1 Nd7 23. Ra6 Ne5 24. b3 f5 25. exf5 gxf5 26. Qc2 f4 27. Qf5 Rd4 28. Bxf4
Rxd5 29. Qxh5 Rf8 30. Be3 Qb7 31. Rxd6 Rxd6 32. Bxc5 Rdd8 33. Bxf8 Rxf8 34. Rd1
Qc6 35. Qg5 Kh8 36. Kg1 b4 37. Kh1 Qe6 38. Rc1 Bh6 39. Qh5 Rf5 40. Rc8+ Qxc8 41.
Qxh6+ Kg8 42. f4 Nf7 43. Qg6+ Kf8 44. Bc4 Qd7 45. Be6 Qd1+ 46. Kh2 Rxf4 47. Bc4
Qd4 48. g3 Rf2+ 49. Kh3 Qf6 50. Qh7 Qf5+ 51. Qxf5 Rxf5 52. Kg4 Rc5 53. Kf4 Nd6
54. Be2 Rc3 55. Bd1 Nb5 56. h5 Nd4 57. g4 Nxb3 58. g5 Nc5 59. g6 Ne6+ 60. Ke5 b3
61. Bxb3 Rxb3 62. h6 Rb6 63. Kf5 Kg8 64. Kg4 Nf8 0-1

[Event "World Blitz 2025"]
[Site "Doha QAT"]
[Date "2025.12.30"]
[Round "17.66"]
[White "Nogerbek, Kazybek"]
[Black "Sankalp, Gupta"]
[Result "1/2-1/2"]
[WhiteTitle "GM"]
[BlackTitle "GM"]
[WhiteElo "2539"]
[BlackElo "2557"]
[WhiteFideId "13710427"]
[BlackFideId "5097010"]
[EventDate "2025.12.29"]

1. e4 e6 2. d4 d5 3. Nc3 Nf6 4. e5 Nfd7 5. f4 c5 6. dxc5 Bxc5 7. Bd2 Nc6 8. a3
O-O 9. Qh5 g6 10. Qh3 Nd4 11. Bd3 f6 12. Nf3 fxe5 13. Nxd4 exd4 14. Ne2 Qe7 15.
O-O Bb6 16. Kh1 a5 17. Rae1 e5 18. fxe5 Rxf1+ 19. Rxf1 Nxe5 20. Qg3 Nxd3 21.
Qxd3 Bf5 22. Qb5 Qc5 23. Qxc5 Bxc5 24. Nf4 Bxc2 25. Rc1 d3 26. Nxd3 Bxd3 27.
Rxc5 Rf8 28. h4 Rf1+ 29. Kh2 Be4 30. Bc3 Rf2 31. Kg3 Rxg2+ 32. Kf4 Kf7 33. Ke5
h5 34. Rc7+ Ke8 35. Rxb7 a4 36. Kd6 Rg4 37. Bf6 Bg2 38. Bg5 Re4 39. Bf6 d4 40.
Ra7 d3 41. Bc3 d2 42. Ra8+ Kf7 43. Ra7+ Ke8 44. Ra8+ Kf7 45. Ra7+ Kf8 46. Ra8+
Re8 47. Rxe8+ Kxe8 48. Bxd2 Be4 49. Kc5 Bc2 50. Kb4 Bb3 51. Bg5 1/2-1/2

[Event "World Blitz 2025"]
[Site "Doha QAT"]
[Date "2025.12.30"]
[Round "17.67"]
[White "Siddharth, Jagadeesh"]
[Black "Dlugy, Maxim"]
[Result "1-0"]
[WhiteTitle "GM"]
[BlackTitle "GM"]
[WhiteElo "2489"]
[BlackElo "2502"]
[WhiteFideId "5818320"]
[BlackFideId "2000075"]
[EventDate "2025.12.29"]

1. c4 c5 2. g3 g6 3. Bg2 Bg7 4. Nc3 Nc6 5. b3 Nh6 6. Bb2 Nf5 7. Qc1 O-O 8. h4 h5
9. Ne4 d6 10. Bxg7 Kxg7 11. Qb2+ e5 12. f4 f6 13. Nf3 Qe7 14. fxe5 dxe5 15.
O-O-O Ncd4 16. Nxd4 cxd4 17. Bf3 Rh8 18. Rdf1 Bd7 19. g4 hxg4 20. Bxg4 Bc6 21.
Bxf5 gxf5 22. Rhg1+ Kf7 23. Ng3 f4 24. Nf5 Qe6 25. Rg7+ Kf8 26. Qa3+ 1-0

[Event "World Blitz 2025"]
[Site "Doha QAT"]
[Date "2025.12.30"]
[Round "17.68"]
[White "Kosakowski, Jakub"]
[Black "Suleimen, Ergali"]
[Result "1-0"]
[WhiteTitle "GM"]
[BlackTitle "IM"]
[WhiteElo "2549"]
[BlackElo "2419"]
[WhiteFideId "1185080"]
[BlackFideId "13724452"]
[EventDate "2025.12.29"]

1. e4 c5 2. Nf3 d6 3. d4 cxd4 4. Nxd4 Nf6 5. Nc3 a6 6. Bg5 Nbd7 7. Qe2 h6 8. Bh4
g6 9. f4 e5 10. fxe5 dxe5 11. O-O-O Qc7 12. Nb3 b5 13. Qf3 Bg7 14. a3 O-O 15.
Be2 Bb7 16. Rd2 Rac8 17. Rhd1 g5 18. Bf2 Nb6 19. Bc5 Rfd8 20. Rxd8+ Rxd8 21.
Rxd8+ Qxd8 22. Qe3 Na4 23. Nxa4 bxa4 24. Nd2 Qc8 25. Bb4 Qc6 26. Bd3 Qe6 27. h3
Nh5 28. Bc4 Qc8 29. Qb6 Nf4 30. g3 Nxh3 31. Bd5 Bxd5 32. exd5 Qf5 33. d6 Nf2 34.
d7 Qxd7 35. Qxf2 f5 36. Bc3 Qd5 37. Kb1 e4 38. Bxg7 Kxg7 39. Qe2 Kg6 40. g4 fxg4
41. Nxe4 h5 42. Qxa6+ Kf5 43. Ng3+ Ke5 44. Qe2+ 1-0

[Event "World Blitz 2025"]
[Site "Doha QAT"]
[Date "2025.12.30"]
[Round "17.85"]
[White "Bharath, Subramaniyam H"]
[Black "Gharibyan, Mamikon"]
[Result "1-0"]
[WhiteTitle "GM"]
[BlackTitle "GM"]
[WhiteElo "2576"]
[BlackElo "2491"]
[WhiteFideId "46634827"]
[BlackFideId "13308300"]
[EventDate "2025.12.29"]

1. e4 d6 2. d4 Nf6 3. Nc3 g6 4. Nf3 Bg7 5. h3 O-O 6. Be2 Nc6 7. d5 Ne5 8. Nxe5
dxe5 9. Bg5 c6 10. dxc6 Qb6 11. Bxf6 Bxf6 12. cxb7 Bxb7 13. Qc1 Rac8 14. O-O
Rfd8 15. Bd3 h5 16. Rb1 e6 17. Qh6 Be7 18. Kh1 a5 19. a4 Rd4 20. Qe3 Qd8 21. Qg3
Bf6 22. f4 h4 23. Qf2 exf4 24. Qxf4 Kg7 25. Nb5 Rxa4 26. Nd6 e5 27. Ne8+ Qxe8
28. Qxf6+ Kg8 29. Bb5 Qxb5 30. Qxf7+ Kh8 31. Qf6+ Kh7 32. Qe7+ Kg8 33. Rf7 Bxe4
34. Rg7+ 1-0

[Event "World Blitz 2025"]
[Site "Doha QAT"]
[Date "2025.12.30"]
[Round "17.86"]
[White "Stribuk, Artiom"]
[Black "Bjerre, Jonas Buhl"]
[Result "1-0"]
[WhiteTitle "IM"]
[BlackTitle "GM"]
[WhiteElo "2476"]
[BlackElo "2623"]
[WhiteFideId "13515659"]
[BlackFideId "1444948"]
[EventDate "2025.12.29"]

1. c4 e6 2. g3 Nf6 3. Bg2 d5 4. Nf3 Be7 5. O-O O-O 6. d4 a5 7. b3 c6 8. Qc2 Nbd7
9. Bb2 b6 10. Nbd2 Bb7 11. e4 dxe4 12. Nxe4 Nxe4 13. Qxe4 a4 14. Rad1 axb3 15.
axb3 Ra2 16. Qb1 Qa8 17. Ne5 Rd8 18. Nd3 Nf6 19. Rfe1 Ra5 20. Bc3 Ra3 21. Ne5 c5
22. Bxb7 1-0

[Event "World Blitz 2025"]
[Site "Doha QAT"]
[Date "2025.12.30"]
[Round "17.87"]
[White "Khubukshanov, Erdem"]
[Black "Jumabayev, Rinat"]
[Result "1-0"]
[WhiteTitle "IM"]
[BlackTitle "GM"]
[WhiteElo "2502"]
[BlackElo "2560"]
[WhiteFideId "54114527"]
[BlackFideId "13702661"]
[EventDate "2025.12.29"]

1. e4 c5 2. Nf3 e6 3. c3 Nf6 4. e5 Nd5 5. Bc4 Nb6 6. Bb3 d6 7. exd6 Nc6 8. O-O
Qxd6 9. d4 cxd4 10. cxd4 Be7 11. Nc3 O-O 12. Be3 Rd8 13. Qe2 Nd5 14. Rad1 Bd7
15. Nb5 Qb8 16. Qd2 a6 17. Bxd5 axb5 18. Be4 Rxa2 19. Bb1 Ra4 20. Bf4 Qa8 21.
Bg5 h6 22. Bxh6 Be8 23. Qc2 g6 24. d5 Nb4 25. Qc3 f6 26. dxe6 Nd5 27. Qc2 Rc4
28. Qe2 Nf4 29. Bxf4 Rxf4 30. Qe3 Rg4 31. h3 Rc4 32. Qh6 f5 33. Rd7 Rxd7 34.
exd7 Bf7 35. Ne5 Rc5 36. Nxg6 Bf6 37. Re1 Qd8 38. Nf4 Bg7 39. Qd6 Rc6 40. Qe7
Qxe7 41. Rxe7 Rd6 42. Re8+ 1-0

[Event "World Blitz 2025"]
[Site "Doha QAT"]
[Date "2025.12.30"]
[Round "17.88"]
[White "Rodrigue-Lemieux, Shawn"]
[Black "Xiao, Tong(QD)"]
[Result "1-0"]
[WhiteTitle "GM"]
[BlackTitle "GM"]
[WhiteElo "2517"]
[BlackElo "2555"]
[WhiteFideId "2620049"]
[BlackFideId "8622388"]
[EventDate "2025.12.29"]

1. e4 c5 2. Nf3 Nc6 3. Bb5 Nf6 4. Nc3 Qc7 5. O-O Nd4 6. Re1 e5 7. d3 Be7 8. Bg5
O-O 9. Bxf6 Bxf6 10. Nd5 Qd8 11. Bc4 d6 12. c3 Ne6 13. Nd2 Nc7 14. a4 Bg5 15.
Nf1 Kh8 16. a5 f5 17. exf5 Bxf5 18. Ng3 Bg6 19. d4 exd4 20. cxd4 Rc8 21. Ra3 Qd7
22. Rb3 Qc6 23. Ne7 Bxe7 24. Rxe7 d5 25. Bf1 Qf6 26. Re2 cxd4 27. Rxb7 Ne6 28.
Rxa7 h5 29. Ra6 Rce8 30. Qe1 d3 31. Re3 Qd4 32. Qd2 Nf4 33. Rxg6 Nxg6 34. Rxd3
Qf4 35. Rxd5 h4 36. Rh5+ Kg8 37. Qd5+ Rf7 38. Rf5 Qc7 39. Bc4 Ne5 40. Rxf7 Nxf7
41. Nf1 Re5 42. Qd4 Rxa5 43. Qxh4 Rc5 44. b3 Re5 45. h3 Re1 46. Qh5 Qe7 47. g3
Kf8 48. Qa5 Rd1 49. Qa8+ Rd8 50. Qf3 Rd6 51. Ne3 Rf6 52. Qa8+ Qd8 53. Qa3+ Qd6
54. Qa7 Ne5 55. Qa8+ Ke7 56. Nd5+ Kd7 57. Nxf6+ Qxf6 58. Qd5+ Kc7 59. f4 Nd7 60.
Qf3 Qd4+ 61. Kg2 Nf6 62. g4 Ne4 63. f5 Qd2+ 64. Qe2 Qf4 65. Qf3 Qd2+ 66. Be2 Qd4
67. h4 Qe5 68. Qe3 Qd5 69. Bf3 Qd2+ 70. Qxd2 Nxd2 71. Bd1 Kd6 72. Kf2 Ke5 73.
Ke3 Nb1 74. Kd3 Na3 75. b4 Nb5 76. Kc4 Nd6+ 77. Kc5 Ne4+ 78. Kc6 Nc3 79. Bc2 Ne2
80. Bd3 Nf4 81. Bc4 Kd4 82. Bf7 Nd3 83. b5 Ne5+ 84. Kc7 Kc5 85. b6 1-0

[Event "World Blitz 2025"]
[Site "Doha QAT"]
[Date "2025.12.30"]
[Round "17.89"]
[White "Dardha, Daniel"]
[Black "Orozbaev, Eldiyar"]
[Result "1-0"]
[WhiteTitle "GM"]
[BlackTitle "IM"]
[WhiteElo "2603"]
[BlackElo "2348"]
[WhiteFideId "240990"]
[BlackFideId "13802240"]
[EventDate "2025.12.29"]

1. Nf3 d5 2. b3 Bg4 3. Bb2 Bxf3 4. exf3 Nd7 5. f4 Ngf6 6. g3 e6 7. d4 c5 8. Bg2
cxd4 9. O-O Bc5 10. Nd2 d3 11. c4 O-O 12. cxd5 Nxd5 13. Ne4 Bb6 14. Qxd3 Rc8 15.
Rad1 Nc5 16. Nxc5 Rxc5 17. Ba3 Rc3 18. Qd2 Ne3 19. Qxd8 Rxd8 20. Rxd8+ Bxd8 21.
fxe3 Rxe3 22. Rc1 Rd3 23. Rc8 1-0

[Event "World Blitz 2025"]
[Site "Doha QAT"]
[Date "2025.12.30"]
[Round "17.90"]
[White "Lodici, Lorenzo"]
[Black "Amin, Bassem"]
[Result "0-1"]
[WhiteTitle "GM"]
[BlackTitle "GM"]
[WhiteElo "2590"]
[BlackElo "2626"]
[WhiteFideId "884189"]
[BlackFideId "10601457"]
[EventDate "2025.12.29"]

1. e4 e5 2. Nf3 Nc6 3. Bb5 a6 4. Ba4 Nf6 5. O-O d6 6. c4 Nxe4 7. d4 Bd7 8. Re1
Nf6 9. Bxc6 Bxc6 10. dxe5 dxe5 11. Qxd8+ Kxd8 12. Nxe5 Be8 13. Nc3 Nd7 14. Bf4
Bd6 15. Rad1 Bxe5 16. Bxe5 f6 17. Bg3 Bf7 18. Nd5 Bxd5 19. Rxd5 Re8 20. Red1 Re7
21. h4 Rc8 22. c5 Ke8 23. c6 bxc6 24. Ra5 Nb8 25. h5 Rd8 26. Rxd8+ Kxd8 27. Kf1
Rd7 28. h6 g6 29. Ke2 Rd5 30. Ra4 Kd7 31. Rb4 Rb5 32. Rd4+ Rd5 33. Rb4 Kc8 34.
Re4 Kd8 35. Rb4 Rb5 36. Rd4+ Nd7 37. b3 Rd5 38. Ra4 Nc5 39. Rb4 Rh5 40. Rb8+ Kd7
41. Ra8 Rxh6 42. Ra7 Ne6 43. Rxa6 Rh1 44. Ra8 h5 45. Rg8 h4 46. Rxg6 hxg3 47.
Rxg3 Ra1 48. a4 Ra3 49. Rd3+ Ke7 50. Kd2 Ra2+ 51. Ke3 Nc5 52. Rc3 Kd6 53. Kd4
Rd2+ 54. Kc4 Rxf2 55. Rf3 Rxf3 56. gxf3 Nb7 57. b4 c5 58. a5 cxb4 59. a6 Na5+
60. Kxb4 Nc6+ 61. Kc4 Na7 62. f4 c5 63. f5 Ke5 0-1

[Event "World Blitz 2025"]
[Site "Doha QAT"]
[Date "2025.12.30"]
[Round "17.91"]
[White "Donchenko, Alexander"]
[Black "Halkias, Stelios"]
[Result "1-0"]
[WhiteTitle "GM"]
[BlackTitle "GM"]
[WhiteElo "2661"]
[BlackElo "2503"]
[WhiteFideId "24603295"]
[BlackFideId "4201809"]
[EventDate "2025.12.29"]

1. e4 c5 2. Nf3 d6 3. Bb5+ Nd7 4. Ba4 e6 5. c4 Nf6 6. Nc3 a6 7. O-O Be7 8. d4
cxd4 9. Nxd4 O-O 10. Qe2 Qc7 11. h3 Ne5 12. Bb3 Bd7 13. Be3 Rac8 14. Rac1 Qb8
15. Rfd1 Rfd8 16. f4 Nc6 17. Nf3 b5 18. cxb5 axb5 19. e5 dxe5 20. Qxb5 Qxb5 21.
Nxb5 exf4 22. Bxf4 Nb4 23. Rxc8 Rxc8 24. Bd6 Bxd6 25. Nxd6 Ra8 26. Ne5 Be8 27.
Rc1 Nbd5 28. a4 Kf8 29. Ra1 Ke7 30. Nxe8 Kxe8 31. a5 Ke7 32. a6 Nb4 33. Bc4 Nd7
34. Nxd7 Kxd7 35. Ra4 Nc6 36. b4 Kc7 37. b5 Ne5 38. Be2 Kb6 39. Re4 f6 40. Rd4
Kc5 41. Rd2 Ra7 42. Rd8 Nd7 43. Rc8+ Kb6 44. Rc6+ Ka5 45. Rxe6 Nb6 46. Kf2 Rd7
47. Rc6 Nd5 48. Rc8 Nb6 49. Rb8 Re7 50. g4 g5 51. Bd3 h6 52. Kf3 Nd5 53. Be4 Nc3
54. Bc6 Ra7 55. Rb7 Ra8 56. a7 Na2 57. Rd7 1-0

[Event "World Blitz 2025"]
[Site "Doha QAT"]
[Date "2025.12.30"]
[Round "17.92"]
[White "Kevlishvili, Robby"]
[Black "Sapenov, Daniyal"]
[Result "0-1"]
[WhiteTitle "GM"]
[BlackTitle "IM"]
[WhiteElo "2527"]
[BlackElo "2440"]
[WhiteFideId "1040634"]
[BlackFideId "13728911"]
[EventDate "2025.12.29"]

1. e4 c5 2. Nf3 d6 3. d4 cxd4 4. Nxd4 Nf6 5. Nc3 a6 6. Be3 e5 7. Nf3 Qc7 8. a4
Be7 9. Be2 O-O 10. O-O h6 11. a5 Nbd7 12. Nd2 b5 13. axb6 Nxb6 14. Bxb6 Qxb6 15.
Nc4 Qb8 16. b3 Be6 17. Nd5 Bxd5 18. exd5 Bd8 19. Na5 Bxa5 20. Rxa5 Qb6 21. Qa1
Rfc8 22. Bc4 Ne4 23. Rxa6 Rxa6 24. Qxa6 Qc5 25. Bd3 Nc3 26. Bc4 Rc7 27. g3 g6
28. Qa1 Qd4 29. Qa8+ Kg7 30. Qd8 Qc5 31. Qa8 Ne4 32. Bd3 Nf6 33. c4 Ra7 34. Qc6
Qd4 35. Bb1 Ra1 36. h3 Nh5 37. Qxd6 Nxg3 38. Re1 Nf5 39. Qb4 Nh4 40. Be4 Qxe4 0-1

[Event "World Blitz 2025"]
[Site "Doha QAT"]
[Date "2025.12.30"]
[Round "17.93"]
[White "Ganguly, Surya Shekhar"]
[Black "Idani, Pouya"]
[Result "0-1"]
[WhiteTitle "GM"]
[BlackTitle "GM"]
[WhiteElo "2568"]
[BlackElo "2611"]
[WhiteFideId "5002150"]
[BlackFideId "12510130"]
[EventDate "2025.12.29"]

1. Nf3 c5 2. e4 d6 3. d4 cxd4 4. Nxd4 Nf6 5. Nc3 a6 6. f3 e5 7. Nb3 Be6 8. Be3
Nbd7 9. g4 b5 10. Qd2 b4 11. Nd5 Bxd5 12. exd5 Nb6 13. O-O-O Nfxd5 14. Bxb6 Nxb6 0-1

[Event "World Blitz 2025"]
[Site "Doha QAT"]
[Date "2025.12.30"]
[Round "17.94"]
[White "Peyrer, Konstantin"]
[Black "Kobalia, Mikhail"]
[Result "1/2-1/2"]
[WhiteTitle "IM"]
[BlackTitle "GM"]
[WhiteElo "2496"]
[BlackElo "2537"]
[WhiteFideId "1640879"]
[BlackFideId "4119150"]
[EventDate "2025.12.29"]

1. Nf3 d5 2. c4 c6 3. g3 Nf6 4. Bg2 Bg4 5. Ne5 Be6 6. cxd5 Bxd5 7. Nf3 c5 8. Nc3
Bc6 9. O-O e6 10. Re1 Be7 11. e4 O-O 12. d4 cxd4 13. Nxd4 e5 14. Nf5 Bb4 15. Bg5
Nbd7 16. Qb3 Bxc3 17. bxc3 h6 18. Bh4 Kh7 19. g4 g5 20. Bg3 Nxg4 21. Rad1 Qb6
22. Rd6 Ngf6 23. Qd1 Rae8 24. h4 Re6 25. hxg5 hxg5 26. Bf3 Qc5 27. Rxe6 Kg8 1/2-1/2

[Event "World Blitz 2025"]
[Site "Doha QAT"]
[Date "2025.12.30"]
[Round "17.95"]
[White "Nguyen, Ngoc Truong Son"]
[Black "Begmuratov, Khumoyun"]
[Result "1-0"]
[WhiteTitle "GM"]
[BlackTitle "IM"]
[WhiteElo "2600"]
[BlackElo "2451"]
[WhiteFideId "12401110"]
[BlackFideId "14210207"]
[EventDate "2025.12.29"]

1. e4 e5 2. Nf3 Nc6 3. Nc3 Nf6 4. d4 exd4 5. Nxd4 Bb4 6. Nxc6 bxc6 7. Bd3 d5 8.
exd5 cxd5 9. O-O O-O 10. h3 Rb8 11. Qf3 Rb6 12. a3 Be7 13. b4 Bb7 14. Na4 Re6
15. Bb2 Ne4 16. Rad1 Qc8 17. Nc5 Bc6 18. Nxe6 Qxe6 19. Qg4 Qh6 20. c4 f5 21. Qe2
Bd6 22. cxd5 Ba4 23. Rc1 Qf4 24. g3 Qh6 25. Bxe4 fxe4 26. Qxe4 Bd7 27. h4 Bf5
28. Qe3 Qg6 29. Qg5 Qf7 30. Rfe1 h6 31. Qe3 Qxd5 32. Qd4 Qf7 33. Qc4 Qxc4 34.
Rxc4 Kf7 35. Re3 Be6 36. Rf3+ Ke7 37. Rxf8 Kxf8 38. Re4 Bd5 39. Re3 Kf7 40. Be5
Bxe5 41. Rxe5 c6 42. h5 Kf6 43. f4 1-0

[Event "World Blitz 2025"]
[Site "Doha QAT"]
[Date "2025.12.30"]
[Round "17.96"]
[White "Bilguun, Sumiya"]
[Black "Motylev, Alexander"]
[Result "0-1"]
[WhiteTitle "GM"]
[BlackTitle "GM"]
[WhiteElo "2442"]
[BlackElo "2573"]
[WhiteFideId "4901541"]
[BlackFideId "4121830"]
[EventDate "2025.12.29"]

1. e4 e5 2. Nf3 Nc6 3. d4 exd4 4. Nxd4 Nf6 5. Nc3 Bb4 6. Nxc6 bxc6 7. Bd3 O-O 8.
O-O d5 9. exd5 cxd5 10. Bg5 c6 11. Qf3 h6 12. Bxf6 Qxf6 13. Qxf6 gxf6 14. Ne2 c5
15. Ng3 c4 16. Be2 Be6 17. Rad1 Rfd8 18. Bf3 Rab8 19. b3 d4 20. Nh5 d3 21. Nxf6+
Kf8 22. cxd3 cxb3 23. axb3 Bxb3 24. Ra1 a5 25. Nd5 Bxd5 26. Bxd5 Rxd5 27. Rfd1
Rbd8 28. g3 Rxd3 29. Rdc1 Rd2 30. Kg2 R8d5 31. Rc6 Kg7 32. g4 R5d4 33. h3 Rf4
34. Rf1 a4 35. Kg3 Rfd4 36. Ra6 a3 37. f4 R4d3+ 38. Kh4 Rh2 39. g5 Rhxh3+ 40.
Kg4 Rhg3+ 41. Kh5 hxg5 42. fxg5 Rd5 43. Ra7 Rgxg5+ 44. Kh4 Rdf5 0-1

[Event "World Blitz 2025"]
[Site "Doha QAT"]
[Date "2025.12.30"]
[Round "17.69"]
[White "Iniyan, Pa"]
[Black "Yilmaz, Mustafa"]
[Result "1/2-1/2"]
[WhiteTitle "GM"]
[BlackTitle "GM"]
[WhiteElo "2598"]
[BlackElo "2595"]
[WhiteFideId "25002767"]
[BlackFideId "6302718"]
[EventDate "2025.12.29"]

1. d4 Nf6 2. c4 e6 3. Nf3 d5 4. Nc3 Bb4 5. g3 O-O 6. Bg2 dxc4 7. O-O Nc6 8. Re1
Rb8 9. e4 h6 10. a3 Be7 11. Be3 Na5 12. Qc2 b5 13. Rad1 c6 14. d5 cxd5 15. Bxa7
Rb7 16. Bd4 Nb3 17. Bxf6 Bxf6 18. exd5 e5 19. Nxe5 Bxe5 20. Rxe5 Bg4 21. Rde1
Qf6 22. d6 Nd4 23. Qe4 Nf3+ 24. Bxf3 Bxf3 25. Qf4 Qxf4 26. gxf4 b4 27. axb4 Rxb4
28. R1e3 Bc6 29. Rc5 Bd7 30. Rc7 Be6 31. Re2 Rd8 32. Rd2 Rb6 33. Ne4 Bf5 34. Ng3
Bh3 35. d7 c3 36. Rxc3 Rxd7 37. Rxd7 Bxd7 38. Rc2 Bh3 39. f3 Rb3 40. Kf2 Be6 41.
Ne4 Bd5 42. Nd2 Rb4 43. Ke3 g5 44. fxg5 hxg5 45. Rc5 Be6 46. Rxg5+ Kh7 47. Ne4
Rxb2 48. h4 Kh6 49. Rg8 Rb3+ 50. Kf4 Rb4 51. Rh8+ Kg7 52. Re8 Bd7 53. Re7 Be6
54. Kg3 Bd5 55. Ng5 Rb3 56. Rd7 Bc4 57. Rd4 Bb5 58. Rf4 Be8 59. Ne4 Bc6 60. Nd6
Bd5 61. Nf5+ Kh7 62. Nd6 Kg7 63. Ne8+ Kf8 64. Nc7 Bb7 65. Ne6+ Kg8 66. Nd4 Rb1
67. Rf6 Kg7 68. Rd6 Bc8 69. Rd8 Rc1 70. Kf4 Rc4 71. h5 Rc5 72. Kg3 Ba6 73. Kh4
Bc4 74. Kg4 Bf1 75. Nf5+ Kh7 76. Kf4 Bh3 77. Ng3 Rc4+ 78. Ne4 f5 79. Kg3 fxe4
80. Kxh3 exf3 81. Kg3 1/2-1/2

[Event "World Blitz 2025"]
[Site "Doha QAT"]
[Date "2025.12.30"]
[Round "17.70"]
[White "Alexakis, Dimitris"]
[Black "Harshavardhan, G B"]
[Result "0-1"]
[WhiteTitle "GM"]
[BlackTitle "IM"]
[WhiteElo "2544"]
[BlackElo "2477"]
[WhiteFideId "4277023"]
[BlackFideId "25059009"]
[EventDate "2025.12.29"]

1. e4 e6 2. d4 d5 3. Nc3 Nf6 4. Bg5 dxe4 5. Nxe4 Nbd7 6. Nf3 h6 7. Nxf6+ Nxf6 8.
Be3 Ng4 9. Qe2 Nxe3 10. fxe3 Bd6 11. O-O-O Bd7 12. e4 a5 13. g3 a4 14. Bg2 a3
15. b3 Qe7 16. c3 c5 17. Qd2 Rd8 18. d5 e5 19. h4 O-O 20. h5 f5 21. Nh4 Qg5 22.
Qxg5 hxg5 23. Nxf5 Bxf5 24. exf5 Rxf5 25. Rhf1 Rdf8 26. Rxf5 Rxf5 27. Be4 Rf2
28. Rd2 Rf1+ 29. Kc2 b5 30. Kd3 Rg1 31. Rg2 Rd1+ 32. Ke2 Rh1 33. Kf3 Re1 34. Bd3
e4+ 35. Bxe4 g4+ 36. Kxg4 Rxe4+ 37. Kf5 Re5+ 38. Kg6 Be7 0-1

[Event "World Blitz 2025"]
[Site "Doha QAT"]
[Date "2025.12.30"]
[Round "17.71"]
[White "Petrov, Nikita"]
[Black "Meng, Yihan"]
[Result "1/2-1/2"]
[WhiteTitle "GM"]
[BlackTitle "IM"]
[WhiteElo "2578"]
[BlackElo "2456"]
[WhiteFideId "4101286"]
[BlackFideId "8631891"]
[EventDate "2025.12.29"]

1. d4 d5 2. Nf3 Nf6 3. e3 e6 4. Bd3 Be7 5. b3 O-O 6. Bb2 b6 7. Nbd2 Bb7 8. Ne5
Nbd7 9. f4 Ne4 10. O-O f5 11. Bxe4 dxe4 12. Nxd7 Qxd7 13. Nc4 Bf6 14. Ne5 Bxe5
15. dxe5 Rad8 16. Qxd7 Rxd7 17. Bc3 Rfd8 18. Kf2 Rd5 19. Rac1 a5 20. a4 Ba6 21.
Rg1 Kf7 22. g4 g6 23. h4 fxg4 24. Rxg4 Rd1 25. Rg1 Rxc1 26. Rxc1 h5 27. Bd4 Rd7
28. Rg1 Rd5 29. Rc1 Rd8 30. Ke1 Rd7 31. Kf2 Rd8 32. Ke1 Rc8 33. Rd1 Rd8 34. Bb2
Rxd1+ 35. Kxd1 Ke8 36. Kd2 Kd7 37. Ba3 Bf1 38. Kc3 c5 39. Kd2 1/2-1/2

[Event "World Blitz 2025"]
[Site "Doha QAT"]
[Date "2025.12.30"]
[Round "17.72"]
[White "Gan-Erdene, Sugar"]
[Black "Ibarra Jerez, Jose Carlos"]
[Result "1-0"]
[WhiteTitle "IM"]
[BlackTitle "GM"]
[WhiteElo "2444"]
[BlackElo "2532"]
[WhiteFideId "4902980"]
[BlackFideId "2226332"]
[EventDate "2025.12.29"]

1. e4 Nc6 2. Nf3 d6 3. d4 Nf6 4. Nc3 g6 5. h3 Bg7 6. Be2 O-O 7. Be3 e5 8. dxe5
dxe5 9. O-O h6 10. Bc4 Qe7 11. Qe2 Na5 12. Bd3 c6 13. a3 b5 14. Qd2 Kh7 15. Nxb5
Nc4 16. Bxc4 cxb5 17. Bxb5 Qb7 18. Bc4 Qxe4 19. Qe2 Bb7 20. Rad1 Rac8 21. b3 a5
22. a4 Nd5 23. Bxd5 Bxd5 24. c4 Bc6 25. Rfe1 Rb8 26. Bc5 Qxe2 27. Rxe2 Rfe8 28.
Re3 f5 29. Bd6 Rbd8 30. c5 f4 31. Ree1 e4 32. Nd4 Bd5 33. Bxf4 Rc8 34. Bd6 Bf7
35. Re3 h5 36. Nb5 Bh6 37. Rc3 Bg7 38. Rg3 h4 39. Rg4 Bxb3 40. Rxh4+ Kg8 41. Re1
Bxa4 42. Nc7 Red8 43. Nd5 Bf8 44. Nf6+ Kf7 45. Nxe4 Bc6 46. Rf4+ Kg8 47. Nf6+
Kg7 48. Be5 g5 49. Rc4 Bb5 50. Rcc1 Bxc5 51. Ne4+ Kg6 52. Rxc5 Rxc5 53. Nxc5 a4
54. Ba1 a3 55. f3 Rd2 56. Ne4 Rc2 57. Rb1 Bd3 58. Rb3 Rc1+ 59. Kh2 Bxe4 60. Rxa3
Bc6 61. Ra5 Rc2 62. Kg3 Re2 63. Bd4 Rd2 64. Be3 Rd5 65. Ra6 Rd6 66. Bc1 Rf6 67.
Bb2 Re6 68. Kf2 Bd7 69. Ra5 Rc6 70. Bd4 Rc2+ 71. Kg3 Rc6 72. Be3 Bf5 73. Kh2 Re6
74. Bd2 Rd6 75. Bc3 Rc6 76. Be5 Be6 77. Kg3 Bf5 78. Ra7 Be6 79. Rg7+ Kf5 80. Bb2
Rb6 81. Bc1 Kf6 82. Rxg5 Rc6 83. Bf4 Rc2 84. Ra5 Bc4 85. Ra1 Kf5 86. h4 Bb5 87.
Be3 Bc6 88. Ra5+ Ke6 89. h5 Re2 90. Bd4 Be8 91. h6 Bg6 92. Ra6+ Kf5 93. Bg7 Bh7
94. Bd4 Re7 95. Kf2 Rd7 96. g4+ Kg5 97. Be3+ Kh4 98. Ra1 1-0